000 00261nam a2200121 4500
008 190306b xxu||||| |||| 00| 0 eng d
041 _aeng
080 _26th
_a617
100 _a5
101 _aKIR
245 _aTextbook of Surgery
_cDavis,L
942 _2ddc
_cBK
999 _c54596
_d54596